000
00228nam a2200097Ia 4500
008
170619s9999 xx 000 0 und d
100
_a
SALVIN- B
245
0
_a
OPERATING SYSTEMS CONCEPTS
260
_b
PEARSON EDU. DELHI
260
_c
2004
546
_a
ENGLISH
999
_c
22883
_d
22883